| 000 | 00389nam a2200145Ia 4500 | ||
|---|---|---|---|
| 008 | 220217s9999||||xx |||||||||||||| ||und|| | ||
| 020 | _a81-7515-269-9 | ||
| 082 | _a005.133 LAF | ||
| 100 | _aLofore, Robart | ||
| 245 | 0 | _aObject oriented programming in C++ | |
| 250 | _a3rd | ||
| 260 |
_aGalgotia publication _bNew Delhi _c2001 |
||
| 300 | _b279 | ||
| 650 | _aPROGRAMMING LANGUAGE | ||
| 999 |
_c166335 _d166335 |
||